000 01453cam a22003374a 4500
999 _c9364
_d9364
001 13532760
003 GBCCL
005 20241126110710.0
008 040322s2004 miu b 001 0 eng
010 _a 2004006766
020 _a0310240417 (alk. paper)
020 _z9780310831280
_qebook
040 _aDLC
_cDLC
_dDLC
042 _apcc
050 0 0 _aBT836.3
_b.H45 2004
082 0 0 _a236.25
_222
_bHEL
245 0 0 _aHell under fire :
_bmodern scholarship reinvents eternal punishment /
_cChristopher W. Morgan, Robert A. Peterson, general editors.
260 _aGrand Rapids, Mich. :
_bZondervan,
_cc2004.
300 _a256 p. ;
_c24 cm.
504 _aIncludes bibliographical references and indexes.
650 0 _aHell
_xChristianity.
_92049
650 0 _aHell
_xBiblical teaching.
_916313
700 1 _aMorgan, Christopher W.,
_d1971-
_916314
700 1 _aPeterson, Robert A.,
_d1948-
_916315
856 4 1 _3Table of contents only
_uhttp://www.loc.gov/catdir/toc/fy052/2004006766.html
856 4 2 _3Publisher description
_uhttp://www.loc.gov/catdir/enhancements/fy0633/2004006766-d.html
856 4 1 _3Sample text
_uhttp://www.loc.gov/catdir/enhancements/fy0642/2004006766-s.html
906 _a7
_bcbc
_corignew
_d1
_eecip
_f20
_gy-gencatlg
942 _2ddc
_cBK
_02